Desafíos de los centros de las ciudades mesoamericanas: los casos de tres metrópolis /
Guardado en:
| Hovedforfatter: | |
|---|---|
| Andre forfattere: | |
| Format: | Texto |
| Udgivet: |
San José:
FLACSO
|
| Fag: | |
| Tags: |
Tilføj Tag
Ingen Tags, Vær først til at tagge denne postø!
|
MARC
| LEADER | 00000 a a2200000 04500 | ||
|---|---|---|---|
| 001 | 33489 | ||
| 003 | |||
| 040 | |a CRAI/IIS |c CRAI/IIS | ||
| 020 | |a 9977-68-126-0 | ||
| 090 | |a 1003 P438d | ||
| 100 | |a Pérez Mendoza, Salvador | ||
| 245 | |a Desafíos de los centros de las ciudades mesoamericanas: los casos de tres metrópolis / |c Salvador Pérez Mendoza | ||
| 260 | |a San José: |b FLACSO | ||
| 300 | |a 259 p. |b map. | ||
| 650 | |a COSTA RICA | ||
| 650 | |a MEDIO URBANO | ||
| 650 | |a CIUDADES | ||
| 650 | |a CENTROS DE DESARROLLO | ||
| 650 | |a CRECIMIENTO DEMOGRAFICO | ||
| 650 | |a HISTORIA | ||
| 650 | |a DESARROLLO AGROPECUARIO | ||
| 650 | |a ESTRUCTURA DEL EMPLEO | ||
| 650 | |a EMPLEADOS PUBLICOS | ||
| 650 | |a EMPRESAS PRIVADAS | ||
| 650 | |a SERVICIOS COMERCIALES | ||
| 650 | |a COMPORTAMIENTO ECONOMICO | ||
| 650 | |a OBSTACULOS AL DESARROLLO@ | ||
| 700 | |a ed. |a Pujol Mesalles, Rosendo |a ed. | ||
| 999 | |c 4448 |d 4448 | ||



